000 00512nam a22001937a 4500
003 OSt
005 20180419175532.0
008 180419b xxu||||| |||| 00| 0 eng d
020 _a9781451564945
040 _cDDC
082 _a536.7 PAN 2014
100 _aPanagiotopoulos, Athanassios Z.
_912609
245 _aEssential Thermodynamics
260 _aUSA; Drios Press, 2014
300 _axiv,272p; ill: 25cm
504 _aAppendices, & index included
650 _aThermodynamics
_912610
942 _2z
_cB_BANK
999 _c6091
_d6091